| 000 | 00471nam a22001457a 4500 | ||
|---|---|---|---|
| 005 | 20240821074213.0 | ||
| 008 | 240821b |||||||| |||| 00| 0 eng d | ||
| 041 | _aEnglish | ||
| 100 | _lEnglish | ||
| 245 | _aThe Law Reports: Common Pleas Division | ||
| 260 |
_aLondon: _bThe Incorporated Council of Law Reporting for England and Wales, _c1880 |
||
| 300 |
_bxxiii, 571 pages; _c25 cm. |
||
| 650 |
_aLegal practice _bLaw |
||
| 942 |
_cBK _6ALISON_BN_VRIES |
||
| 999 |
_c2739 _d2739 |
||